Statistics for Which City is Furthest?

Click here to take the quiz!

General Stats

  • This quiz has been taken 23 times
  • The average score is 7 of 15

Answer Stats

QuestionAnswer% Correct
Rome, ItalyCairo, Egypt
75%
Jakarta, IndonesiaPerth, Australia
75%
Sydney, AustraliaAdelaide, Australia
65%
Kinshasa, Democratic Republic of the CongoCape Town, South Africa
50%
Moscow, RussiaIstanbul, Turkey
50%
Houston, TX, United StatesLas Vegas, NV
50%
Bogota, ColombiaRio de Janeiro, Brazil
50%
Montreal, CanadaLisbon, Portugal
40%
Atlanta, GA, United StatesOslo, Norway
40%
New York, NY, United StatesPittsburgh, PA
40%
Honolulu, HI, United StatesSeoul, South Korea
40%
Shanghai, ChinaTokyo, Japan
40%
London, United KingdomDublin, Ireland
35%
Dubai, United Arab EmiratesAuckland, New Zealand
30%
Karachi, PakistanYangon, Myanmar
30%

Score Distribution

Percentile by Number Answered

Percent of People with Each Score

Your Score History

You have not taken this quiz